=LDR 00000nam 2200000 4500 =001 INLIS000000000032208 =005 20130612134227 =008 ***********************************ind** =035 ##$$0010-061300000032208 =041 ##$$a ind =082 ##$$a 433.2 =090 ##$$a R.433.2, Pra k =100 ##$$a Pradana, Samuel =245 ##$$a Kamus Umum, Jerman - Indonesia, Indonesia - Jerman, Samuel Pradana =260 ##$$a 2008 $b Yogyakarta =300 ##$$a 570 hlm, 19 cm =650 ##$$a Bahasa Jerman - Indonesia - Kamus =850 ##$$a NBPNMAT